Principles and practice of nursing art of nursing procedures/
Shranjeno v:
| Glavni avtor: | |
|---|---|
| Format: | Knjiga |
| Jezik: | angleščina |
| Izdano: |
Jaypee Brothers Medical Publishers
2013
|
| Oznake: |
Označite
Brez oznak, prvi označite!
|
MARC
| LEADER | 00000nam a22000007a 4500 | ||
|---|---|---|---|
| 008 | 210819b ||||| |||| 00| 0 eng d | ||
| 020 | |a ISBN: 978-93-5090-180-9 | ||
| 100 | |a CORREIA, Sister Cecy. | ||
| 245 | |a Principles and practice of nursing |b art of nursing procedures/ |c Sister Cecy Correia |g xi, 603p., ill. | ||
| 260 | |b Jaypee Brothers Medical Publishers |c 2013 |h New Delhi |i 696457 (vol. 1) H/SCI. |i 696458 |l RT71 .C81 |m 1. Nursing. |m 2. Nursing – Study and teaching. |m I. Title. | ||
| 500 | |a “It includes index” | ||
| 942 | |a lcc |c BK |e j. o. ifatola |f 19/ 08/ 2021 | ||
| 952 | |0 0 |1 0 |2 lcc |4 0 |6 RT0071 C81 |7 0 |9 3128 |a HE |b HOL |c QZ |d 2021-08-19 |l 0 |o RT71 .C81 |p 2021-66826 |r 2021-08-19 00:00:00 |w 2021-08-19 |y BK | ||
| 952 | |0 0 |1 0 |2 lcc |4 0 |6 RT0071 C81 |7 0 |9 3129 |a HE |b HOL |c QZ |d 2021-08-19 |l 0 |o RT71 .C81 |p 2021-66827 |r 2021-08-19 00:00:00 |w 2021-08-19 |y BK | ||
| 999 | |c 1583 |d 1583 | ||